| 000 | 00908nam a2200277 i 4500 | ||
|---|---|---|---|
| 001 | 000038954 | ||
| 003 | DO-SdBNP | ||
| 005 | 20250708072601.0 | ||
| 007 | ta | ||
| 008 | 130508s1976 dr r 000 0 spa d | ||
| 040 |
_aDO-SdBNP _bspa _cBNPHU _erda |
||
| 082 | 4 |
_axxx _bxxx _222 |
|
| 100 | 1 |
_aJimenes Grullón, Juan Isidro, _d1903-1983 _eautor _4aut. _92482 |
|
| 245 | 1 | 0 |
_aSociología política dominicana 1844-1966 / _cJuan I. Jimenes Grullón. |
| 250 | _aSegunda edición | ||
| 264 | 1 |
_aSanto Domingo : _bEditora Taller, _c1976. |
|
| 300 |
_avolumen ; _c23 cm. |
||
| 336 |
_atexto _btxt _2rdacontent |
||
| 337 |
_asin mediación _bn _2rdamedia |
||
| 338 |
_avolumen _bnc _2rdacarrier |
||
| 490 | 1 |
_aBiblioteca Taller _v50 |
|
| 500 | _aIncluye referencias bibliográficas y notas al pie de las páginas | ||
| 500 | _aLa biblioteca posee el vol. I | ||
| 590 | _aInventariado, 2025/BT | ||
| 942 |
_2ddc _cLBS1 |
||
| 999 |
_c38444 _d38444 |
||